EL SECRETO DEL PODER ESPIRITUAL /

Պահպանված է:
Մատենագիտական մանրամասներ
Հիմնական հեղինակ: Carothers, Merlin (autor)
Այլ հեղինակներ: Ricketts, Jorunn Oftedal (edición) (edición)
Ձևաչափ: Գիրք
Հրատարակություն:7a edición
Խորագրեր:
Ցուցիչներ: Ավելացրեք ցուցիչ
Չկան պիտակներ, Եղեք առաջինը, ով նշում է այս գրառումը!

MARC

LEADER 00000nam^a2200000^a^4500
001 000246058
005 20250521000000.0
009 20260310105525.36
035 |a 067683 
037 |a Acervo Xavier Clavigero 
082 |a 248. 4  |b CAR 
100 |a Carothers, Merlin  |e (autor) 
245 1 3 |a EL SECRETO DEL PODER ESPIRITUAL /  |c MERLIN CAROTHERS ; ED. JORUNN OFTEDAL RICKETTS 
250 |a 7a edición 
264 |a NEW JERSEY :  |b LOGOS INTERNATIONAL,  |c 1970 
300 |a 109 p. 
336 |a texto  |b txt  |2 rdacontenido 
337 |a sin mediación  |b n  |2 rdamedio 
338 |a volumen  |b nc  |2 rdasoporte 
649 |a XX 
650 |a Vida Cristiana 
650 |a Carothers, Merlin R. 
700 |a Ricketts, Jorunn Oftedal  |e (edición) 
910 |a Fondo General 
920 |a Impresos - Libros 
930 |a Colección General 
905 |a 101 
901 |a 067683  |b IT1  |c ACC  |i 067683  |u 20250521 
902 |a https://opac.biblio.iteso.mx/vufind/Record/000246058